000 00503nam a2200157 i 4500
001 187704
003 ES-MaACL
005 20230906223017.0
008 180126s1944 ag |||| | fre d
080 _a821.133.1-14"19"
100 1 _aSupervielle, Jules.
_9108803
245 1 0 _aChoix de poèmes /
_cJules Supervielle.
260 _aBuenos Aires :
_bSudamericana,
_c[1944]
300 _a285 p. ;
_c21 cm.
852 _aES-MaACL
_jL-31869
_z. - Donat. herederos de la bibl. de Mª del Pilar Costa Palacín
999 _c187704
_d187704